La época de la revolución religiosa : (Record no. 43765)

MARC details
000 -LEADER
campo de control de longitud fija 01456nam a2200313 i 4500
001 - NÚMERO DE CONTROL
campo de control 43765
003 - IDENTIFICADOR DE NÚMERO DE CONTROL
campo de control ES-MaACL
005 - FECHA Y HORA DE LA ÚLTIMA TRANSACCIÓN
campo de control 20250809063454.0
007 - CAMPO FIJO DE DESCRIPCIÓN FÍSICA--INFORMACIÓN GENERAL
campo de control de longitud fija t|
008 - DATOS DE LONGITUD FIJA--INFORMACIÓN GENERAL
campo de control de longitud fija 191108s1932 sp ||||1| spa d
080 ## - NÚMERO DE LA CLASIFICACIÓN DECIMAL UNIVERSAL
Número de la Clasificación Decimal Universal 94(100)"15/17"
245 03 - MENCIÓN DEL TÍTULO
Título La época de la revolución religiosa :
Resto del título la Reforma y la Contrarreforma : (1500-1660) /
Mención de responsabilidad, etc. por Walter Goetz, Paul Joachimsen, Erich Marcks, Wilhelm Mommsen, Hans Heinrich Schader ; versión española de Manuel García Morente
260 ## - PUBLICACIÓN, DISTRIBUCIÓN, ETC.
Lugar de publicación, distribución, etc. Madrid :
Nombre del editor, distribuidor, etc. Espasa-Calpe,
Fecha de publicación, distribución, etc. 1932
300 ## - DESCRIPCIÓN FÍSICA
Extensión XII, 708 páginas, [23] hojas (algunas plegadas) :
Otras características físicas ilustraciones (blanco y negro y color), mapas (blanco y negro y color) ;
Dimensiones 27 cm
500 ## - NOTA GENERAL
Nota general Índice
594 ## - Nota al título y mención de responsabilidad
Nota al título y mención de responsabilidad En anteportada: "Historia universal : desarrollo de la humanidad en la sociedad y el estado, en la economía y en la vida espiritual / dirigida por Walter Goetz "
650 #7 - PUNTO DE ACCESO ADICIONAL DE MATERIA--TÉRMINO DE MATERIA
Término de materia o nombre geográfico como elemento de entrada Historia moderna
Fuente del encabezamiento o término embne
9 (RLIN) 13420
700 1# - ENTRADA AGREGADA--NOMBRE PERSONAL
Nombre de persona Goetz, Walter,
Fechas asociadas al nombre 1867-1958
Término indicativo de función/relación Autor
-- Director de publicación
9 (RLIN) 57579
700 1# - ENTRADA AGREGADA--NOMBRE PERSONAL
Nombre de persona Joachimsem, Paul
Término indicativo de función/relación Autor
9 (RLIN) 168684
700 1# - ENTRADA AGREGADA--NOMBRE PERSONAL
Nombre de persona Marcks, Erich,
Fechas asociadas al nombre 1861-1938
Término indicativo de función/relación Autor
9 (RLIN) 168685
700 1# - ENTRADA AGREGADA--NOMBRE PERSONAL
Nombre de persona Mommsen, Wilhelm,
Fechas asociadas al nombre 1892-1966
Término indicativo de función/relación Autor
9 (RLIN) 168686
700 1# - ENTRADA AGREGADA--NOMBRE PERSONAL
Nombre de persona Schaeder, Hans Heinrich,
Fechas asociadas al nombre 1896-1957
Término indicativo de función/relación Autor
9 (RLIN) 168674
700 1# - ENTRADA AGREGADA--NOMBRE PERSONAL
Nombre de persona García Morente, Manuel,
Fechas asociadas al nombre 1886-1942
Término indicativo de función/relación Traductor
9 (RLIN) 55002
852 4# - LOCALIZACIÓN
Ubicación ES-MaACL
Ubicación en estantería Depósito 2
Número de control de estantería P-1045-5
852 4# - LOCALIZACIÓN
Ubicación ES-MaACL
Ubicación en estantería Sala Pecera Planta 2
Número de control de estantería F-15083
942 ## - ELEMENTOS DE ENTRADA SECUNDARIOS (KOHA)
Fuente del sistema de clasificación o colocación Clasificación decimal universal
Tipo de ítem Koha Libro impreso
Suprimir en OPAC No
Holdings
Estatus retirado Estado de pérdida Estado de daño No para préstamo Biblioteca de origen Biblioteca actual Ubicación en estantería Fecha de adquisición Fuente de adquisición Total de préstamos Signatura topográfica completa Código de barras Visto por última vez Precio de reemplazo Tipo de ítem Koha
        Biblioteca del Ateneo de Madrid Biblioteca del Ateneo de Madrid Depósito 2 08/11/2019     P-1045-5 1201241 23/02/2023 23/02/2023 Libro impreso
        Biblioteca del Ateneo de Madrid Biblioteca del Ateneo de Madrid Sala Pecera Planta 2 26/11/2019     F-15083 1201292 23/02/2023 23/02/2023 Libro impreso